Zobrané spisy 36 /

Salvato in:
Dettagli Bibliografici
Autore principale: Lenin, Vladimír Iljič (Autore)
Natura: Libro
Pubblicazione: Bratislava : Pravda, 1987
Edizione:2. vyd.
Tags: Aggiungi Tag
Nessun Tag, puoi essere il primo ad aggiungerne!!

MARC

LEADER 00000nam a22000003a 4500
001 stu19953
005 20150617225751.8
008 ------s1987----cs----------------------d
040 |a STU  |b slo 
041 0
044 |a cs 
080 |a 141.82 
100 1 |a Lenin, Vladimír Iljič  |4 aut 
245 1 |a Zobrané spisy 36 /  |c [aut.]Lenin,Vladimír Iľjič 
250 |a 2. vyd. 
260 |a Bratislava :  |b Pravda,  |c 1987 
300 |a 878 s 
996 |b C78933  |c C*78933  |l CCI  |s A  |a 24  |w stu19953_0001 
996 |b C78932  |c C*78932  |l CCI  |s A  |a 24  |w stu19953_0002